Statystyki dla Najdłuższe rzeki w Europie

Kliknij tutaj aby rozwiązać quiz!

Ogólne statystyki

  • Ten quiz został rozwiązany 46 razy
    (43 od ostatniego zresetowania)
  • Średni wynik to 8 z 20

Statystyki odpowiedzi

KmRzeka% Poprawnych
1047Wisła
100%
2850Dunaj
95%
3530Wołga
88%
2200Dniepr
75%
1233Ren
73%
1006Loara
63%
1165Łaba
53%
1007Tag
53%
1950Don
38%
966Cisa
25%
1020Dźwina
25%
2428Ural
23%
1805Kama
13%
1500Oka
13%
1809Peczora
10%
957Prut
10%
1053Doniec
5%
1430Biełaja
0%
1130Desna
0%
1352Tisa
0%

Rozkład punktacji

Percentyl według liczby udzielonych odpowiedzi

Procent ludzi z każdym wynikiem

Twoja historia wyników

Nie rozwiązałeś tego quizu od ostatniego zresetowania